000 00727nam a2200253 a 4500
001 BRL_969
005 20190320210956.0
008 301013m1965----mx-a######---#000-0#spa-#
041 _aspa
044 _amx
050 4 _aF1221.T9
_b.P69 1965
100 1 _aPozas, Ricardo
_924933
245 1 0 _aJuan Pérez Jolote
_bbiografía de un tzotil
_cRicardo Pozas A. ; Dibujos de Alberto Beltrán.
250 _a5a ed.
260 _aMéxico
_bFondo de Cultura Económica
_c1965
300 _a117 p.
_bil.
_c17 cm.
440 0 _aColección popular
_v4
_925470
500 _aAu1117
600 1 4 _aPérez Jolote, Juan
_910530
650 1 4 _aTzotziles
_910531
700 1 _aBeltrán, Alberto
_eil.
_99572
902 _aGRL
942 _2lcc
_cB
999 _c9781
_d9781